Show business (Record no. 149731)

MARC details
000 -LEADER
fixed length control field 00496nam a2200205Ia 4500
003 - CONTROL NUMBER IDENTIFIER
control field OSt
005 - DATE AND TIME OF LATEST TRANSACTION
control field 20251027115812.0
008 - FIXED-LENGTH DATA ELEMENTS--GENERAL INFORMATION
fixed length control field 210210b1994 xxu||||| |||| 00| 0 eng d
020 ## - INTERNATIONAL STANDARD BOOK NUMBER
International Standard Book Number 0140154647
040 ## - CATALOGING SOURCE
Transcribing agency AL
041 ## - LANGUAGE CODE
Language code of text/sound track or separate title eng
082 ## - DEWEY DECIMAL CLASSIFICATION NUMBER
Classification number 820.33
Item number THAS
100 ## - MAIN ENTRY--PERSONAL NAME
Personal name Shashi Tharoor
9 (RLIN) 38615
245 ## - TITLE STATEMENT
Title Show business
260 ## - PUBLICATION, DISTRIBUTION, ETC.
Place of publication, distribution, etc. New Delhi
Name of publisher, distributor, etc. Penguin Books India Pvt Ltd
Date of publication, distribution, etc. 1991
300 ## - PHYSICAL DESCRIPTION
Extent x,310p
690 ## - LOCAL SUBJECT ADDED ENTRY--TOPICAL TERM (OCLC, RLIN)
Topical term or geographic name as entry element Indian English Fiction
9 (RLIN) 38618
906 ## - LOCAL DATA ELEMENT F, LDF (RLIN)
a 067367
942 ## - ADDED ENTRY ELEMENTS (KOHA)
Source of classification or shelving scheme Dewey Decimal Classification
Koha item type Book
Holdings
Withdrawn status Lost status Source of classification or shelving scheme Damaged status Not for loan Collection code Home library Current library Shelving location Date acquired Source of acquisition Cost, normal purchase price Total Checkouts Full call number Barcode Date last seen Date last checked out Price effective from Koha item type Cost, replacement price
    Dewey Decimal Classification     English St Aloysius Library St Aloysius Library   02/17/2021 Bharath Book Mark, Mangalore-575001 295.00 3 820.33 THAS 067367 04/27/2023 04/17/2023 02/17/2021 Book  
    Dewey Decimal Classification     English St Aloysius Library St Aloysius Library   03/23/2013       820.33 THAS GF02392 05/23/2022   05/23/2022 George Fernandes Collections 195.00